[Event "Richardson UTD op"]
[Site "Richardson"]
[Date "2013.03.11"]
[Round "6"]
[White "Bercys, Salvijus"]
[Black "Negi, Parimarjan"]
[Result "0-1"]
[WhiteElo "2427"]
[BlackElo "2639"]
[PlyCount "62"]
[EventDate "2013.03.09"]
[EventType "swiss"]
[EventRounds "9"]
[EventCountry "USA"]
[SourceTitle "CBM 153 Extra"]
[Source "ChessBase"]
[SourceDate "2013.04.22"]
[SourceVersion "1"]
[SourceVersionDate "2013.04.22"]
[SourceQuality "1"]

1. d4 Nf6 2. Nf3 g6 3. c4 Bg7 4. Nc3 d5 5. e3 0-0 6. Qb3 e6 7. Bd2 b6 8. Be2 Bb7 9. 0-0 Nbd7 10. a4 c5 11. a5 cxd4 12. exd4 dxc4 13. Qxc4 bxa5 14. Qb5 Nb6 15. Rxa5 Ne4 16. Nxe4 Bxe4 17. Rfa1 Qc7 18. Bb4 Rfb8 19. Qc5 Qd8 20. Bc3 Rb7 21. Ne5 Bd5 22. Ra6 Rc8 23. Qa3 Bxe5 24. dxe5 Qg5 25. Bf1 Nc4 26. Qa4 Nd2 27. f4 Nf3+ 28. Kh1 Qh4 29. gxf3 Rxc3 30. Bg2 Bxf3 31. bxc3 Qf2 0-1

[Event "Dallas UTD"]
[Site "Dallas"]
[Date "2012.11.20"]
[Round "8"]
[White "Bercys, Salvijus"]
[Black "Iotov, Valentin Dimitrov"]
[Result "1-0"]
[WhiteElo "2418"]
[BlackElo "2570"]
[PlyCount "45"]
[EventDate "2012.11.16"]
[EventType "tourn"]
[EventRounds "9"]
[EventCountry "USA"]
[EventCategory "9"]
[SourceTitle "CBM 151 Extra"]
[Source "ChessBase"]
[SourceDate "2012.12.18"]
[SourceVersion "1"]
[SourceVersionDate "2012.12.18"]
[SourceQuality "1"]

1. d4 d5 2. c4 c6 3. Nf3 Nf6 4. e3 Bg4 5. Nc3 e6 6. h3 Bh5 7. Qb3 Qc7 8. Nh4 Nbd7 9. g4 Bg6 10. Nxg6 hxg6 11. Bg2 Be7 12. g5 dxc4 13. Qxc4 Nd5 14. f4 N7b6 15. Qe2 c5 16. dxc5 Bxc5 17. Bd2 Nb4 18. 0-0 Rd8 19. Ne4 Rxd2 20. Qxd2 Nc4 21. Qc3 Bxe3+ 22. Kh1 Nd5 23. Qxc4 1-0

[Event "Dallas UTD"]
[Site "Dallas"]
[Date "2012.11.16"]
[Round "1"]
[White "Bercys, Salvijus"]
[Black "Chirila, Ioan Cristian"]
[Result "0-1"]
[WhiteElo "2418"]
[BlackElo "2506"]
[PlyCount "102"]
[EventDate "2012.11.16"]
[EventType "tourn"]
[EventRounds "9"]
[EventCountry "USA"]
[EventCategory "9"]
[SourceTitle "CBM 151 Extra"]
[Source "ChessBase"]
[SourceDate "2012.12.18"]
[SourceVersion "1"]
[SourceVersionDate "2012.12.18"]
[SourceQuality "1"]

1. Nf3 Nf6 2. c4 g6 3. g3 c5 4. Bg2 Nc6 5. 0-0 d6 6. Nc3 Bg7 7. a3 0-0 8. Rb1 Be6 9. d3 Qc8 10. Ng5 Bd7 11. b4 h6 12. Nf3 Bh3 13. Nd5 Bxg2 14. Nxf6+ exf6 15. Kxg2 f5 16. bxc5 dxc5 17. Bb2 b6 18. Qd2 Qe6 19. Rfe1 Rad8 20. h4 Rfe8 21. Bxg7 Kxg7 22. Rb2 Re7 23. Kg1 Nd4 24. Nxd4 Rxd4 25. e3 f4 26. exd4 Qxe1+ 27. Qxe1 Rxe1+ 28. Kg2 cxd4 29. gxf4 f5 30. Kf3 Rh1 31. a4 Ra1 32. Rb5 Ra3 33. Ke2 Ra2+ 34. Ke1 Rxa4 35. Rd5 Kf7 36. Rxd4 b5 37. Kd2 a5 38. Rd7+ Ke6 39. Rg7 Kf6 40. Rc7 b4 41. Rc6+ Kf7 42. Rb6 Ra3 43. Ke3 b3 44. c5 a4 45. Kd4 Ra1 46. Kd5 Rc1 47. Rb7+ Kf6 48. Rb6+ Ke7 49. c6 a3 50. Rb7+ Kd8 51. c7+ Kd7 0-1

[Event "US Open-113"]
[Site "Vancouver"]
[Date "2012.08.12"]
[Round "9"]
[White "Bercys, Salvijus"]
[Black "Sarkar, Justin"]
[Result "1/2-1/2"]
[WhiteElo "2420"]
[BlackElo "2392"]
[PlyCount "71"]
[EventDate "2012.08.04"]
[EventType "swiss"]
[EventRounds "9"]
[EventCountry "USA"]
[SourceTitle "CBM 149 Extra"]
[Source "ChessBase"]
[SourceDate "2012.08.24"]
[SourceVersion "1"]
[SourceVersionDate "2012.08.24"]
[SourceQuality "1"]

1. d4 Nf6 2. c4 g6 3. Nc3 d5 4. Nf3 Bg7 5. Qb3 dxc4 6. Qxc4 0-0 7. e4 a6 8. e5 b5 9. Qb3 Nfd7 10. e6 fxe6 11. Be3 Nf6 12. a4 b4 13. Qxb4 Nc6 14. Qa3 Qd6 15. Bc4 Nb4 16. Rc1 Bb7 17. a5 Bxf3 18. gxf3 Rab8 19. 0-0 Qc6 20. Be2 Qb7 21. Na4 Nfd5 22. Nc5 Qc8 23. Qa4 e5 24. dxe5 Qh3 25. Qd7 Rf5 26. Bc4 Qxf3 27. Rfd1 c6 28. Nxa6 Bxe5 29. Nxb8 Bxh2+ 30. Kf1 Bxb8 31. Bxd5+ Nxd5 32. Rxd5 Qh1+ 33. Ke2 Qf3+ 34. Ke1 Qh1+ 35. Ke2 Qf3+ 36. Ke1 1/2-1/2

[Event "US Open-113"]
[Site "Vancouver"]
[Date "2012.08.09"]
[Round "6"]
[White "Strenzwilk, Denis"]
[Black "Bercys, Salvijus"]
[Result "0-1"]
[WhiteElo "1968"]
[BlackElo "2420"]
[PlyCount "88"]
[EventDate "2012.08.04"]
[EventType "swiss"]
[EventRounds "9"]
[EventCountry "USA"]
[SourceTitle "CBM 149 Extra"]
[Source "ChessBase"]
[SourceDate "2012.08.24"]
[SourceVersion "1"]
[SourceVersionDate "2012.08.24"]
[SourceQuality "1"]

1. b3 d5 2. Bb2 Bf5 3. e3 Nd7 4. Nf3 e6 5. Be2 h6 6. 0-0 Ngf6 7. c4 c6 8. d3 Be7 9. Nbd2 0-0 10. a3 a5 11. cxd5 exd5 12. Ne5 Nc5 13. b4 Na6 14. bxa5 Qxa5 15. Nb3 Qc7 16. f4 Nc5 17. Nd4 Bh7 18. Qc2 Na4 19. Bc1 Bd6 20. Rb1 Ra7 21. Bd2 Bxe5 22. fxe5 Qxe5 23. Rb4 Rfa8 24. Nf3 Qe7 25. Bc1 c5 26. Rf4 c4 27. Nd4 Nc5 28. Nf5 Bxf5 29. Rxf5 Nb3 30. dxc4 Nxc1 31. Qxc1 Rc8 32. Qd2 dxc4 33. Qd4 Ra6 34. Bxc4 Rd8 35. Qf4 Rxa3 36. e4 Ra4 37. e5 Nd5 38. Qd4 Qc7 39. Rxf7 Qxc4 40. Qxc4 Rxc4 41. Rxb7 Ne3 42. Re1 Rc2 43. h3 Nxg2 44. Ra1 Nf4 0-1

[Event "World op 40th"]
[Site "Philadelphia"]
[Date "2012.07.08"]
[Round "9"]
[White "Bercys, Salvijus"]
[Black "King, Alexander B"]
[Result "1-0"]
[WhiteElo "2429"]
[BlackElo "2237"]
[PlyCount "93"]
[EventDate "2012.07.03"]
[EventType "swiss"]
[EventRounds "9"]
[EventCountry "USA"]
[SourceTitle "CBM 149 Extra"]
[Source "ChessBase"]
[SourceDate "2012.08.24"]
[SourceVersion "1"]
[SourceVersionDate "2012.08.24"]
[SourceQuality "1"]

1. d4 Nf6 2. c4 e6 3. Nc3 d5 4. cxd5 exd5 5. Bg5 Be7 6. e3 0-0 7. Bd3 Nbd7 8. Nge2 Re8 9. 0-0 c6 10. Qc2 Nf8 11. Rab1 a5 12. a3 b5 13. f3 Nh5 14. Bxe7 Rxe7 15. Qd2 f5 16. b4 Qe8 17. Kf2 axb4 18. axb4 g6 19. Ra1 Rea7 20. Rxa7 Rxa7 21. Na2 Qe7 22. Rb1 Nd7 23. Nac1 Nb6 24. Nb3 Bd7 25. Nc5 Be8 26. h3 Ng7 27. Qc1 Na4 28. Nxa4 Rxa4 29. Bc2 Ra6 30. Nf4 Ne6 31. Nd3 Kg7 32. Ra1 Qa7 33. Rxa6 Qxa6 34. Qb2 Qa7 35. g3 Qb6 36. Qc3 Kf6 37. Ne5 Ke7 38. f4 Bd7 39. g4 Ng7 40. Kf3 Ke6 41. Qa1 Bc8 42. gxf5+ Nxf5 43. Bxf5+ Kxf5 44. Qg1 Qb7 45. Qg5+ Ke6 46. f5+ gxf5 47. Qh6+ 1-0

[Event "Richardson UTD GM 8th"]
[Site "Richardson"]
[Date "2011.12.20"]
[Round "9"]
[White "Iotov, Valentin Dimitrov"]
[Black "Bercys, Salvijus"]
[Result "1-0"]
[WhiteElo "2576"]
[BlackElo "2464"]
[PlyCount "147"]
[EventDate "2011.12.15"]
[EventType "tourn"]
[EventRounds "9"]
[EventCountry "USA"]
[EventCategory "10"]
[SourceTitle "CBM 145 Extra"]
[Source "ChessBase"]
[SourceDate "2012.01.03"]
[SourceVersion "1"]
[SourceVersionDate "2012.01.03"]
[SourceQuality "1"]

1. d4 g6 2. e4 Bg7 3. Nf3 c6 4. Nc3 d6 5. a4 Nf6 6. Be2 a5 7. 0-0 0-0 8. Be3 Nbd7 9. Nd2 e5 10. Nc4 Nxe4 11. Nxe4 exd4 12. Bg5 f6 13. Bf4 d5 14. Ned6 g5 15. Bg3 f5 16. Nxc8 f4 17. N4d6 Nc5 18. Bd3 Be5 19. Bxh7+ Kxh7 20. Qh5+ Kg7 21. Rae1 Bxd6 22. Nxd6 Qxd6 23. Qxg5+ Qg6 24. Re7+ Rf7 25. Rxf7+ Kxf7 26. Qxf4+ Qf6 27. Qg4 Re8 28. b3 d3 29. cxd3 Nxd3 30. Bh4 Qg6 31. Qd7+ Kg8 32. Bg3 Nc5 33. Qc7 Nxb3 34. Qxb7 Nd2 35. Ra1 Qf6 36. Rd1 Qd4 37. Qxc6 Nf3+ 38. gxf3 Qxd1+ 39. Kg2 Kf7 40. Qd7+ Re7 41. Qf5+ Kg8 42. Be5 Qxa4 43. Qg6+ Kf8 44. Bd6 Qh4 45. Qf5+ Ke8 46. Bxe7 Kxe7 47. Qe5+ Kf8 48. Qb8+ Ke7 49. Qc7+ Ke6 50. Qxa5 Qg5+ 51. Kf1 Qh5 52. Qb6+ Kd7 53. Qb5+ Kd6 54. Qb4+ Kc6 55. Kg2 Qe5 56. h4 d4 57. Qc4+ Kd6 58. Qd3 Kc5 59. Qg6 Kc4 60. h5 d3 61. Qa6+ Kb4 62. Qxd3 Qg5+ 63. Kf1 Qxh5 64. Qd4+ Kb5 65. Ke2 Kc6 66. Ke3 Kc7 67. f4 Qh3+ 68. f3 Kc8 69. Qd5 Qg3 70. f5 Qe1+ 71. Kf4 Qh4+ 72. Ke5 Qg3+ 73. Kf6 Qh4+ 74. Ke6 1-0

[Event "Richardson UTD GM 8th"]
[Site "Richardson"]
[Date "2011.12.17"]
[Round "5"]
[White "Bercys, Salvijus"]
[Black "Holt, Conrad"]
[Result "0-1"]
[WhiteElo "2464"]
[BlackElo "2461"]
[PlyCount "64"]
[EventDate "2011.12.15"]
[EventType "tourn"]
[EventRounds "9"]
[EventCountry "USA"]
[EventCategory "10"]
[SourceTitle "CBM 145 Extra"]
[Source "ChessBase"]
[SourceDate "2012.01.03"]
[SourceVersion "1"]
[SourceVersionDate "2012.01.03"]
[SourceQuality "1"]

1. Nf3 Nf6 2. c4 c6 3. Nc3 d5 4. e3 Bf5 5. d4 e6 6. Nh4 Be4 7. f3 Bg6 8. Qb3 Qc7 9. Bd2 Be7 10. g3 a6 11. Rc1 dxc4 12. Bxc4 Nbd7 13. Be2 e5 14. dxe5 Nc5 15. Qd1 Qxe5 16. Nxg6 hxg6 17. Qc2 0-0-0 18. b4 Rxh2 19. Rxh2 Qxg3+ 20. Rf2 Ng4 21. fxg4 Bh4 22. Nd1 Qg1+ 23. Bf1 Nd3+ 24. Qxd3 Rxd3 25. Rc2 Rd5 26. a3 g5 27. e4 Rd4 28. Be3 Rxe4 29. Rce2 Rxg4 30. Kd2 Bxf2 31. Rxf2 Qh1 32. Kc3 Rg1 0-1

[Event "Richardson UTD GM 8th"]
[Site "Richardson"]
[Date "2011.12.17"]
[Round "4"]
[White "Pavlovic, Milos M"]
[Black "Bercys, Salvijus"]
[Result "1/2-1/2"]
[WhiteElo "2486"]
[BlackElo "2464"]
[PlyCount "49"]
[EventDate "2011.12.15"]
[EventType "tourn"]
[EventRounds "9"]
[EventCountry "USA"]
[EventCategory "10"]
[SourceTitle "CBM 145 Extra"]
[Source "ChessBase"]
[SourceDate "2012.01.03"]
[SourceVersion "1"]
[SourceVersionDate "2012.01.03"]
[SourceQuality "1"]

1. e4 e5 2. Nf3 Nc6 3. Bb5 a6 4. Ba4 Nf6 5. 0-0 Be7 6. Re1 b5 7. Bb3 d6 8. c3 0-0 9. d4 Bg4 10. d5 Na5 11. Bc2 c6 12. h3 Bc8 13. dxc6 Qc7 14. Nbd2 Qxc6 15. Nf1 Nc4 16. a4 Rd8 17. b3 Nb6 18. a5 Nbd7 19. Bb2 Nf8 20. Ne3 Ng6 21. c4 Nf4 22. Qd2 Qb7 23. Rac1 Be6 24. Ng5 Bd7 25. Bb1 1/2-1/2

[Event "Richardson UTD GM 8th"]
[Site "Richardson"]
[Date "2011.12.16"]
[Round "2"]
[White "Chirila, Ioan Cristian"]
[Black "Bercys, Salvijus"]
[Result "1/2-1/2"]
[WhiteElo "2523"]
[BlackElo "2464"]
[PlyCount "165"]
[EventDate "2011.12.15"]
[EventType "tourn"]
[EventRounds "9"]
[EventCountry "USA"]
[EventCategory "10"]
[SourceTitle "CBM 145 Extra"]
[Source "ChessBase"]
[SourceDate "2012.01.03"]
[SourceVersion "1"]
[SourceVersionDate "2012.01.03"]
[SourceQuality "1"]

1. d4 Nf6 2. c4 g6 3. Nc3 Bg7 4. e4 d6 5. Nf3 0-0 6. h3 a6 7. Bg5 c5 8. dxc5 Qa5 9. Qd2 dxc5 10. e5 Rd8 11. Qe3 Nc6 12. exf6 exf6 13. Bf4 Nb4 14. Rc1 Bf5 15. Be2 g5 16. 0-0 Re8 17. Qd2 Rad8 18. Nd5 gxf4 19. a3 Nc6 20. Qxf4 Bg6 21. Rfe1 Re4 22. Qd2 Rde8 23. b4 Qxa3 24. Ra1 Qb3 25. Reb1 Rxe2 26. Rxb3 Rxd2 27. Nxd2 cxb4 28. Nxb4 Nd4 29. Re3 Rd8 30. Rae1 Kf8 31. Nb3 Bh6 32. Nxd4 Rxd4 33. Re8+ Kg7 34. Rc8 Bd2 35. Rd1 a5 36. Nd5 Bc2 37. Ra1 f5 38. Rc7 Be4 39. Rc5 Bd3 40. Ne3 f4 41. Nf5+ Bxf5 42. Rxf5 Rxc4 43. Rb5 Rc7 44. Rab1 Bb4 45. Kf1 Re7 46. Rf5 Re4 47. Rb5 Re7 48. g4 fxg3 49. fxg3 Kg6 50. g4 Rc7 51. Rb3 f6 52. Ke2 Kf7 53. Kf3 Ke6 54. Ke4 Rc4+ 55. Kd3 Rc7 56. Kd4 Kf7 57. Ke4 Kg6 58. h4 Rc4+ 59. Kf3 Rc7 60. Rb6 Kf7 61. Ke4 Rc4+ 62. Kf5 Rc5+ 63. Kf4 Rc4+ 64. Kf3 Rc7 65. h5 Ke7 66. Re3+ Kf7 67. Rb3 Ke7 68. Rb5 Ke6 69. Re3+ Kf7 70. Rd3 Ke6 71. Ke4 Rc4+ 72. Rd4 Rc7 73. Rb6+ Ke7 74. Kf5 Rc5+ 75. Kf4 Rc7 76. Re4+ Kf7 77. Rb5 Bd6+ 78. Kf5 Rc5+ 79. Rxc5 Bxc5 80. Re6 a4 81. Rxf6+ Kg8 82. Re6 a3 83. Re2 1/2-1/2

[Event "USA tt"]
[Site "ICC INT"]
[Date "2011.09.19"]
[Round "4"]
[White "Orlov, Georgi"]
[Black "Bercys, Salvijus"]
[Result "1-0"]
[WhiteElo "2479"]
[BlackElo "2477"]
[PlyCount "55"]
[EventDate "2011.08.29"]
[EventType "team-tourn"]
[EventRounds "10"]
[EventCountry "USA"]
[SourceTitle "CBM 144 Extra"]
[Source "ChessBase"]
[SourceDate "2011.10.28"]
[SourceVersion "1"]
[SourceVersionDate "2011.10.28"]
[SourceQuality "1"]
[WhiteTeam "Seattle"]
[BlackTeam "Dallas Destiny"]
[WhiteTeamCountry "USA"]
[BlackTeamCountry "USA"]

1. d4 d5 2. c4 e6 3. Nc3 c6 4. Nf3 dxc4 5. e3 b5 6. a4 Bb4 7. Bd2 a5 8. axb5 Bxc3 9. Bxc3 cxb5 10. b3 Bb7 11. bxc4 b4 12. Bb2 Nf6 13. Bd3 Nbd7 14. 0-0 0-0 15. Qc2 Qc7 16. Rfc1 Rfc8 17. e4 e5 18. c5 exd4 19. Bxd4 h6 20. e5 Ne8 21. e6 fxe6 22. Qe2 Bd5 23. c6 Nb8 24. Ne5 Nd6 25. Qg4 Nf5 26. Qg6 h5 27. Bxf5 exf5 28. Nd7 1-0

[Event "Los Angeles Metropolitan op 1st"]
[Site "Los Angeles"]
[Date "2011.08.21"]
[Round "9"]
[White "Bercys, Salvijus"]
[Black "Rensch, Daniel"]
[Result "1/2-1/2"]
[WhiteElo "2487"]
[BlackElo "2410"]
[PlyCount "71"]
[EventDate "2011.08.17"]
[EventType "swiss"]
[EventRounds "9"]
[EventCountry "USA"]
[SourceTitle "CBM 144 Extra"]
[Source "ChessBase"]
[SourceDate "2011.10.28"]
[SourceVersion "1"]
[SourceVersionDate "2011.10.28"]
[SourceQuality "1"]

1. d4 Nf6 2. c4 e6 3. Nc3 Bb4 4. Qc2 0-0 5. Nf3 h6 6. a3 Bxc3+ 7. Qxc3 b6 8. g3 Bb7 9. Bg2 d6 10. 0-0 Nbd7 11. b4 Ne4 12. Qc2 f5 13. Rd1 Ndf6 14. Ne1 Qe8 15. Nd3 Bc6 16. b5 Bd7 17. a4 Rd8 18. f3 Ng5 19. c5 bxc5 20. dxc5 e5 21. Ba3 Nf7 22. Nb4 f4 23. cxd6 cxd6 24. Nc6 Rc8 25. Rac1 Bxc6 26. bxc6 Qe6 27. Qc4 d5 28. Qb4 Rfe8 29. gxf4 exf4 30. Qxf4 Rxc6 31. Rxc6 Qxc6 32. Bf1 Ng5 33. Rc1 Qe6 34. Kh1 Qb6 35. Bc5 Qb2 36. Bd4 1/2-1/2

[Event "Los Angeles Metropolitan op 1st"]
[Site "Los Angeles"]
[Date "2011.08.20"]
[Round "6"]
[White "Manukian, Garuch"]
[Black "Bercys, Salvijus"]
[Result "1/2-1/2"]
[WhiteElo "2292"]
[BlackElo "2487"]
[PlyCount "52"]
[EventDate "2011.08.17"]
[EventType "swiss"]
[EventRounds "9"]
[EventCountry "USA"]
[SourceTitle "CBM 144 Extra"]
[Source "ChessBase"]
[SourceDate "2011.10.28"]
[SourceVersion "1"]
[SourceVersionDate "2011.10.28"]
[SourceQuality "1"]

1. d4 Nf6 2. Nf3 g6 3. c4 Bg7 4. Nc3 0-0 5. Bg5 d6 6. e3 c5 7. Be2 Nbd7 8. 0-0 h6 9. Bh4 g5 10. Bg3 Nh5 11. Qc2 Nxg3 12. hxg3 e6 13. Rad1 Qe7 14. Bd3 Rb8 15. d5 a6 16. dxe6 fxe6 17. Ne4 d5 18. cxd5 exd5 19. Nc3 Bxc3 20. Qxc3 b5 21. Be2 Bb7 22. Rd2 Qg7 23. Qxg7+ Kxg7 24. e4 Nb6 25. exd5 Bxd5 26. Ne5 Rb7 1/2-1/2

[Event "Los Angeles Metropolitan op 1st"]
[Site "Los Angeles"]
[Date "2011.08.18"]
[Round "3"]
[White "Bercys, Salvijus"]
[Black "Adamson, Robby"]
[Result "1-0"]
[WhiteElo "2487"]
[BlackElo "2324"]
[PlyCount "45"]
[EventDate "2011.08.17"]
[EventType "swiss"]
[EventRounds "9"]
[EventCountry "USA"]
[SourceTitle "CBM 144 Extra"]
[Source "ChessBase"]
[SourceDate "2011.10.28"]
[SourceVersion "1"]
[SourceVersionDate "2011.10.28"]
[SourceQuality "1"]

1. d4 Nf6 2. c4 c5 3. d5 b5 4. cxb5 a6 5. f3 axb5 6. e4 Qa5+ 7. Bd2 b4 8. Na3 d6 9. Nc4 Qd8 10. Bd3 e6 11. dxe6 Bxe6 12. Ne2 d5 13. exd5 Nxd5 14. 0-0 Be7 15. Qc2 Nd7 16. Nf4 Nxf4 17. Bxf4 Bf6 18. Rfe1 g6 19. Nd6+ Kf8 20. Bc4 Bd4+ 21. Kh1 Qf6 22. Bh6+ Ke7 23. Nxf7 1-0

[Event "Chicago op 20th"]
[Site "Wheeling"]
[Date "2011.05.28"]
[Round "4"]
[White "Hess, Robert L"]
[Black "Bercys, Salvijus"]
[Result "1/2-1/2"]
[WhiteElo "2601"]
[BlackElo "2468"]
[PlyCount "79"]
[EventDate "2011.05.26"]
[EventType "swiss"]
[EventRounds "9"]
[EventCountry "USA"]
[SourceTitle "CBM 142 Extra"]
[Source "ChessBase"]
[SourceDate "2011.06.27"]
[SourceVersion "1"]
[SourceVersionDate "2011.06.27"]
[SourceQuality "1"]

1. e4 e6 2. d4 d5 3. Nd2 Be7 4. Bd3 c5 5. dxc5 Nf6 6. Qe2 0-0 7. Ngf3 a5 8. 0-0 Na6 9. e5 Nd7 10. c4 Ndxc5 11. Bb1 Nc7 12. Rd1 b6 13. Ne4 Ba6 14. Nxc5 bxc5 15. Bd3 h6 16. Be3 Qc8 17. Bb1 Rd8 18. Qc2 g6 19. h4 dxc4 20. Rxd8+ Qxd8 21. h5 Bf8 22. hxg6 f5 23. exf6 Qxf6 24. g7 Qxg7 25. Bf4 Rd8 26. Be5 Qf7 27. Qe4 Rd1+ 28. Kh2 Qh5+ 29. Kg3 Rd7 30. Qg6+ Qxg6+ 31. Bxg6 Bg7 32. Bh5 Bxe5+ 33. Nxe5 Rd2 34. Rd1 Rxd1 35. Bxd1 Nd5 36. Bg4 Kg7 37. Nd7 c3 38. bxc3 Nxc3 39. Nxc5 Bc4 40. a4 1/2-1/2